| 000 | 02181ckm a22003977a 4500 | ||
|---|---|---|---|
| 001 | 9925 | ||
| 003 | FISKH | ||
| 005 | 20260317093934.0 | ||
| 008 | 210927s1958 xxunnn | kneng | ||
| 010 | _a 2021649255 | ||
| 020 | _a9780241988244 | ||
| 040 |
_aDLC _beng _edcrmg _cDLC |
||
| 050 | _aR6115 .S58 .M36 | ||
| 082 | _a823.92 | ||
| 100 | _aOsman, Richard | ||
| 245 | 0 | 4 |
_aThe man who died twice / _bRichard Osman |
| 260 |
_aUnited Kingdom : _bPenguin Books, _c2021. |
||
| 300 |
_a422 pages : _c20 cm |
||
| 500 | _aTitle from catalog card. | ||
| 500 | _aProducer/Distributor: Republic Pictures. | ||
| 500 | _aDirector: Joe Kane. | ||
| 500 | _aClass: Thriller. | ||
| 520 | _aElizabeth, Joyce, Ron and Ibrahim--the Thursday Murder Club--are still riding high off their recent real-life murder case and are looking forward to a bit of peace and quiet at Cooper's Chase, their posh retirement village. But they are out of luck. An unexpected visitor--an old pal of Elizabeth's (or perhaps more than just a pal?)--arrives, desperate for her help. He has been accused of stealing diamonds worth millions from the wrong men and he's seriously on the lam. Then, as night follows day, the first body is found. But not the last. Elizabeth, Joyce, Ron and Ibrahim are up against a ruthless murderer who wouldn't bat an eyelid at knocking off four septuagenarians. Can our four friends catch the killer before the killer catches them? And if they find the diamonds, too? Well, wouldn't that be a bonus? | ||
| 600 | 1 | 4 |
_aCameron, Rod, _d1910-1983 _xPerformances. |
| 600 | 1 | 4 |
_aRalston, Vera, _d1921-2003 _xPerformances. |
| 650 | 7 |
_aThriller dramas _y1950-1960. _2lctgm |
|
| 650 | 7 |
_aMotion pictures _y1950-1960. _2lctgm |
|
| 655 | 7 |
_aMotion picture posters _xAmerican _y1950-1960. _2gmgpc |
|
| 655 | 7 |
_aPrints _xColor _y1950-1960. _2gmgpc |
|
| 700 | 1 |
_aKane, Joseph, _d1894-1975, _edirection. |
|
| 710 | 2 | _aRepublic Pictures Corporation. | |
| 906 |
_a0 _bibc _corignew _du _encip _f20 _gy-printpho |
||
| 942 |
_2ddc _cBK _n0 |
||
| 999 |
_c9925 _d9925 |
||